| 000 | 00968nam a2200313 i 4500 | ||
|---|---|---|---|
| 001 | bg | ||
| 003 | BPK | ||
| 005 | 20200219113637.0 | ||
| 008 | 050113s2004 pl a f f |000 0 pol | ||
| 015 | _aPB 2005/1028 | ||
| 020 | _a838924652X | ||
| 040 |
_aWA N _cBPK |
||
| 041 | 0 | _apol | |
| 080 | _a556.3 | ||
| 080 | _a626/627 | ||
| 080 | _a574.5 | ||
| 080 | _a(075.8) | ||
| 100 | 1 |
_aOlszta, Wenanty. _d(1938- ). |
|
| 245 | 1 | 0 |
_aPodstawy inżynierii wodnej środowiska / _cWenanty Olszta ; Politechnika Lubelska. |
| 260 |
_aLublin : _bWydawnictwa Uczelniane PL, _c2004. |
||
| 300 |
_a639, [1] s. : _bportr., rys., wykr. ; _c25 cm. |
||
| 504 | _aBibliogr. przy rozdz. | ||
| 650 | 4 | _aInżynieria środowiska | |
| 655 | 4 | _aPodręczniki akademickie | |
| 650 | 4 | _aHydrotechnika | |
| 650 | 4 | _aHydrogeologia | |
| 942 |
_2UKD _cKS |
||
| 856 |
_uhttp://koha.tu.koszalin.pl/cgi-bin/koha/opac-detail.pl?biblionumber=46385 _yKatalog online BPK |
||
| 999 |
_c46385 _d46385 |
||